000 00307nam a2200133Ia 4500
005 20251222152704.0
008 251222s9999||||xx |||||||||||||| ||spa||
020 _a8439524064
082 _a333.00972/P66
245 0 _aNuestros Árboles
250 _a1ra. ed.
264 _bPlaneta-Agostini
942 _cLIB
999 _c28944
_d28944